Emoji Quiz #1 - Statistics

General Stats
  • This quiz has been taken 22 times
  • The average score is 14 of 25
Answer Stats
Hint Answer % Correct
🀣 rolling on the floor {laughing}
100%
πŸ˜‚ face with tears of {joy}
94%
πŸ₯° smiling face with {hearts}
88%
πŸ€— smiling face with open {hands}
88%
😍 smiling face with {heart}-eyes
82%
😎 smiling face with {sunglasses}
82%
πŸ₯² smiling face with {tear}
82%
πŸ˜— {kissing} face
76%
😘 face {blowing} a kiss
71%
😚 {kissing} face with closed eyes
71%
πŸ˜™ {kissing} face with smiling eyes
71%
πŸ€” {thinking} face
71%
πŸ˜‰ {winking} face
71%
πŸ˜… grinning face with {sweat}
65%
πŸ˜€ {grinning} face
53%
πŸ˜ƒ {grinning} face with big eyes
53%
πŸ˜„ {grinning} face with smiling eyes
47%
🫑 {saluting} face
35%
☺️ {smiling} face
29%
🀩 star-{struck}
29%
😊 {smiling} face with smiling eyes
24%
πŸ™‚ {slightly} smiling face
18%
πŸ˜† grinning {squinting} face
12%
😁 {beaming} face with smiling eyes
6%
πŸ˜‹ face {savoring} food
6%
No matching quizzes found
Score Distribution
Percent of People with Each Score
Percentile by Number Answered
Your Score History
You have not taken this quiz